LEADER 00697nam 22002533 450 001 9910132953803321 005 20160621164935.0 010 $a88-491-2535-6 035 $a(CKB)3400000000017595 035 $a(ItFiC)it 09705996 035 $a(EXLCZ)993400000000017595 100 $a20091204d2005 uy 0 101 0 $aita 200 10$aOvidio$b[electronic resource] /$fUlrich Schmitzer ; traduzione italiana e un saggio di Mariella Bonvicini 210 $aBologna $cCLUEB$d2005 215 $a269 p 676 $a871 700 $aSchmitzer$b Ulrich$0186492 801 0$bItFiC 801 1$bItFiC 906 $aBOOK 912 $a9910132953803321 996 $aOvidio$9850388 997 $aUNINA